000 00384 a2200133 4500
000 nam a22 7a 4500
100 _aMaurya, Ajay Kumar
110 _aMaurya, Ajay Kumar
245 _aWildlife Conservation & Habitat Restoration
250 _aLatest edition
260 _bSCIENTIFIC BOOKS INTERNATIONAL
_c2026
264 _bSCIENTIFIC BOOKS INTERNATIONAL
_c2026
942 _cBK
999 _c396765
_d396765